000 00263nam a2200109Ia 4500
008 200302s9999 xx 000 0 und d
100 _aAuthor
245 _aWorld houses- Inside & Outside
260 _bPhoenix Publishing Ltd, China
260 _c2011
300 _a335
999 _c4496
_d4496